[Event "ccc 2015 1"]
[Site "?"]
[Date "2015.05.02"]
[Round "6.1"]
[White "Tikkanen,2535, GM Hans"]
[Black "Kristensen,2380, FM Kåre Hove"]
[Result "1-0"]
[BlackElo "2380"]
[WhiteElo "2535"]
[LiveChessVersion "1.4.5"]

1. e4 {[%clk 1:30:58]} c5 {[%clk 1:29:48]} 2. Nf3 {[%clk 1:31:25]} d6
{[%clk 1:27:59]} 3. Bb5+ {[%clk 1:28:51]} Nd7 {[%clk 1:27:47]} 4. O-O
{[%clk 1:29:09]} a6 {[%clk 1:26:10]} 5. Bd3 {[%clk 1:29:37]} g6 {[%clk 1:24:05]}
6. h3 {[%clk 1:29:25]} Ne5 {[%clk 1:20:08]} 7. Nxe5 {[%clk 1:28:05]} dxe5
{[%clk 1:20:06]} 8. b3 {[%clk 1:28:12]} Qd4 {[%clk 1:10:10]} 9. Nc3
{[%clk 1:12:07]} Nf6 {[%clk 1:05:11]} 10. Bb2 {[%clk 1:06:52]} Bg7
{[%clk 0:55:48]} 11. a4 {[%clk 1:02:17]} a5 {[%clk 0:44:02]} 12. Nb5
{[%clk 0:58:47]} Qxb2 {[%clk 0:44:07]} 13. Rb1 {[%clk 0:58:04]} Qxb1
{[%clk 0:43:44]} 14. Qxb1 {[%clk 0:58:32]} O-O {[%clk 0:43:18]} 15. Qb2
{[%clk 0:57:52]} Ne8 {[%clk 0:37:12]} 16. Bc4 {[%clk 0:57:27]} e6
{[%clk 0:33:23]} 17. Qc3 {[%clk 0:52:39]} b6 {[%clk 0:24:45]} 18. Qg3
{[%clk 0:41:55]} Bb7 {[%clk 0:24:37]} 19. d3 {[%clk 0:42:11]} Rd8
{[%clk 0:24:05]} 20. f4 {[%clk 0:41:46]} exf4 {[%clk 0:21:48]} 21. Qxf4
{[%clk 0:41:41]} Bc6 {[%clk 0:20:17]} 22. Qg5 {[%clk 0:33:55]} Nd6
{[%clk 0:16:44]} 23. Nxd6 {[%clk 0:25:22]} Rxd6 {[%clk 0:16:35]} 24. e5
{[%clk 0:22:00]} Rd7 {[%clk 0:13:08]} 25. Qe3 {[%clk 0:20:25]} Rfd8
{[%clk 0:10:12]} 26. g4 {[%clk 0:18:55]} Bb7 {[%clk 0:07:59]} 27. g5
{[%clk 0:15:52]} Bc6 {[%clk 0:07:35]} 28. Rf2 {[%clk 0:16:03]} Rd4
{[%clk 0:06:26]} 29. c3 {[%clk 0:12:42]} R4d7 {[%clk 0:06:34]} 30. Qf4
{[%clk 0:10:12]} Rc7 {[%clk 0:05:54]} 31. Kf1 {[%clk 0:09:49]} Bd5
{[%clk 0:05:51]} 32. Ke2 {[%clk 0:09:53]} Kh8 {[%clk 0:05:18]} 33. Kd2
{[%clk 0:07:28]} Bxc4 {[%clk 0:04:13]} 34. bxc4 {[%clk 0:07:53]} Rcd7
{[%clk 0:04:23]} 35. Rf3 {[%clk 0:08:19]} Kg8 {[%clk 0:03:58]} 36. Kc2
{[%clk 0:08:36]} Kh8 {[%clk 0:03:25]} 37. h4 {[%clk 0:08:39]} Kg8
{[%clk 0:03:48]} 38. Re3 {[%clk 0:08:37]} Bh8 {[%clk 0:03:35]} 39. h5
{[%clk 0:07:27]} Bg7 {[%clk 0:03:18]} 40. h6 {[%clk 0:05:08]} Bf8
{[%clk 0:03:42]} 41. Rf3 {[%clk 0:05:27]} Rc8 {[%clk 0:03:40]} 42. Rf1
{[%clk 0:05:27]} Rdc7 {[%clk 0:02:43]} 43. Qf6 {[%clk 0:04:05]} Rd7
{[%clk 0:02:48]} 44. Rb1 {[%clk 0:03:42]} Rcd8 {[%clk 0:02:07]} 45. Rd1
{[%clk 0:03:04]} Rc8 {[%clk 0:02:27]} 46. Kb3 {[%clk 0:03:18]} Rcd8
{[%clk 0:02:32]} 47. d4 {[%clk 0:03:24]} cxd4 {[%clk 0:02:37]} 48. cxd4
{[%clk 0:03:52]} Rxd4 {[%clk 0:02:44]} 49. Qxd8 {[%clk 0:04:14]} 1-0

[Event "ccc 2015 1"]
[Site "?"]
[Date "2015.05.02"]
[Round "6.2"]
[White "Ahlander,2372, IM Bjørn"]
[Black "Danielsen,2520, GM Henrik"]
[Result "0-1"]
[BlackElo "2520"]
[WhiteElo "2372"]
[LiveChessVersion "1.4.5"]

1. e4 {[%clk 1:30:57]} d6 {[%clk 1:24:58]} 2. d4 {[%clk 1:31:19]} Nf6
{[%clk 1:25:17]} 3. Nc3 {[%clk 1:31:44]} e5 {[%clk 1:25:38]} 4. Nf3
{[%clk 1:32:02]} Nbd7 {[%clk 1:25:58]} 5. g4 {[%clk 1:31:45]} Nxg4
{[%clk 1:25:33]} 6. Rg1 {[%clk 1:32:06]} Ngf6 {[%clk 1:25:54]} 7. Bc4
{[%clk 1:32:30]} h6 {[%clk 1:26:13]} 8. Be3 {[%clk 1:30:45]} c6 {[%clk 1:22:14]}
9. Qe2 {[%clk 1:21:26]} b5 {[%clk 1:21:16]} 10. Bb3 {[%clk 1:20:44]} Qa5
{[%clk 1:21:34]} 11. O-O-O {[%clk 1:16:19]} Ba6 {[%clk 1:21:42]} 12. Nb1
{[%clk 1:03:20]} g6 {[%clk 1:11:23]} 13. Nbd2 {[%clk 1:01:53]} c5
{[%clk 1:10:56]} 14. dxc5 {[%clk 1:00:57]} dxc5 {[%clk 1:09:28]} 15. c4
{[%clk 0:49:30]} b4 {[%clk 1:09:28]} 16. Nh4 {[%clk 0:48:52]} O-O-O
{[%clk 1:06:57]} 17. Rgf1 {[%clk 0:43:38]} Bb7 {[%clk 1:04:10]} 18. f3
{[%clk 0:41:04]} Nh5 {[%clk 1:03:12]} 19. Ng2 {[%clk 0:41:17]} g5
{[%clk 1:02:12]} 20. Nb1 {[%clk 0:37:55]} Be7 {[%clk 0:59:35]} 21. Rd5
{[%clk 0:38:06]} Qc7 {[%clk 0:57:47]} 22. Nd2 {[%clk 0:35:59]} Nb6
{[%clk 0:56:02]} 23. Kb1 {[%clk 0:35:51]} a5 {[%clk 0:55:56]} 24. Rc1
{[%clk 0:35:39]} a4 {[%clk 0:55:27]} 25. Bd1 {[%clk 0:36:06]} Kb8
{[%clk 0:51:51]} 26. Bg1 {[%clk 0:35:04]} Nf4 {[%clk 0:50:58]} 27. Qf1
{[%clk 0:30:36]} Ba6 {[%clk 0:48:19]} 28. Nxf4 {[%clk 0:29:11]} exf4
{[%clk 0:47:36]} 29. Qh3 {[%clk 0:28:11]} Rxd5 {[%clk 0:45:11]} 30. exd5
{[%clk 0:23:50]} Qe5 {[%clk 0:43:41]} 31. Ne4 {[%clk 0:23:17]} Nxc4
{[%clk 0:36:46]} 32. Rc2 {[%clk 0:20:03]} Qxd5 {[%clk 0:36:09]} 33. Be2
{[%clk 0:19:42]} Na3+ {[%clk 0:33:32]} 34. bxa3 {[%clk 0:14:47]} Bxe2
{[%clk 0:33:56]} 35. Rd2 {[%clk 0:14:46]} Bd3+ {[%clk 0:33:10]} 36. Kc1
{[%clk 0:15:13]} f5 {[%clk 0:30:35]} 37. Nf2 {[%clk 0:15:07]} c4 {[%clk 0:29:59]}
38. Qh5 {[%clk 0:14:36]} b3 {[%clk 0:29:40]} 39. Qg6 {[%clk 0:14:49]} Bxa3+
{[%clk 0:29:36]} 0-1

[Event "ccc 2015 1"]
[Site "?"]
[Date "2015.05.02"]
[Round "6.3"]
[White "Shen,2394, IM Victor"]
[Black "Hector,2486, GM Jonny"]
[Result "1-0"]
[BlackElo "2486"]
[WhiteElo "2394"]
[LiveChessVersion "1.4.5"]

1. c4 {[%clk 1:30:54]} e5 {[%clk 1:30:43]} 2. Nc3 {[%clk 1:31:11]} Bb4
{[%clk 1:30:12]} 3. Nf3 {[%clk 1:31:19]} Bxc3 {[%clk 1:28:04]} 4. bxc3
{[%clk 1:31:38]} Qe7 {[%clk 1:25:41]} 5. g3 {[%clk 1:30:58]} b6 {[%clk 1:18:23]}
6. Bg2 {[%clk 1:29:56]} Bb7 {[%clk 1:18:45]} 7. O-O {[%clk 1:30:03]} Nf6
{[%clk 1:13:14]} 8. a4 {[%clk 1:28:19]} O-O {[%clk 1:05:48]} 9. d3
{[%clk 1:08:24]} d6 {[%clk 0:56:33]} 10. e4 {[%clk 1:07:33]} Nbd7
{[%clk 0:48:30]} 11. Nh4 {[%clk 1:05:20]} Rfe8 {[%clk 0:47:07]} 12. f4
{[%clk 1:04:54]} Qf8 {[%clk 0:46:24]} 13. g4 {[%clk 1:02:56]} Nc5
{[%clk 0:43:42]} 14. f5 {[%clk 0:27:21]} Nfd7 {[%clk 0:40:49]} 15. f6
{[%clk 0:21:54]} g6 {[%clk 0:36:10]} 16. Ra2 {[%clk 0:19:53]} Re6
{[%clk 0:32:03]} 17. Raf2 {[%clk 0:19:34]} Qd8 {[%clk 0:31:33]} 18. Bg5
{[%clk 0:18:30]} Nf8 {[%clk 0:30:21]} 19. Qf3 {[%clk 0:17:37]} Re8
{[%clk 0:21:51]} 20. Qh3 {[%clk 0:17:03]} Nce6 {[%clk 0:19:12]} 21. Bh6
{[%clk 0:14:19]} Nf4 {[%clk 0:11:50]} 22. Bxf4 {[%clk 0:08:33]} exf4
{[%clk 0:11:48]} 23. Rxf4 {[%clk 0:08:08]} Re5 {[%clk 0:07:26]} 24. d4
{[%clk 0:05:51]} Ra5 {[%clk 0:07:10]} 25. d5 {[%clk 0:04:37]} Nd7
{[%clk 0:03:52]} 26. Nf3 {[%clk 0:03:05]} Kh8 {[%clk 0:03:01]} 27. g5
{[%clk 0:01:49]} Bc8 {[%clk 0:02:41]} 28. Qg3 {[%clk 0:00:48]} Rxa4
{[%clk 0:01:37]} 29. e5 {[%clk 0:01:06]} dxe5 {[%clk 0:01:39]} 30. Rh4
{[%clk 0:00:49]} Ba6 {[%clk 0:00:58]} 31. Nd2 {[%clk 0:00:33]} Ra2
{[%clk 0:00:37]} 32. Qh3 {[%clk 0:00:32]} Nf8 {[%clk 0:01:05]} 33. Nf3
{[%clk 0:00:50]} Qd6 {[%clk 0:00:39]} 34. Re1 {[%clk 0:00:40]} Re8
{[%clk 0:00:59]} 35. Rhe4 {[%clk 0:01:02]} Qc5+ {[%clk 0:00:42]} 36. Kh1
{[%clk 0:01:24]} Qf2 {[%clk 0:00:40]} 37. Nxe5 {[%clk 0:00:51]} Kg8
{[%clk 0:00:38]} 38. Qg3 {[%clk 0:00:47]} Qxg3 {[%clk 0:00:39]} 39. hxg3
{[%clk 0:01:15]} h5 {[%clk 0:00:46]} 40. Nxf7 {[%clk 0:00:57]} Rxe4
{[%clk 0:00:40]} 41. Nh6+ {[%clk 0:01:26]} Kh8 {[%clk 0:00:37]} 42. Rxe4
{[%clk 0:01:48]} Ra1+ {[%clk 0:00:43]} 43. Kh2 {[%clk 0:02:13]} Ra2
{[%clk 0:00:53]} 44. Re8 {[%clk 0:02:03]} Bxc4 {[%clk 0:01:17]} 45. Rxf8+
{[%clk 0:02:30]} Kh7 {[%clk 0:01:36]} 46. Rf7+ {[%clk 0:02:11]} Kh8
{[%clk 0:02:00]} 47. Rg7 {[%clk 0:02:36]} 1-0

[Event "ccc 2015 1"]
[Site "?"]
[Date "2015.05.02"]
[Round "6.4"]
[White "Semcesen,2481, GM Daniel"]
[Black "Gledura,2478, IM Benjamin"]
[Result "1/2-1/2"]
[BlackElo "2478"]
[WhiteElo "2481"]
[LiveChessVersion "1.4.5"]

1. d4 Nf6 {[%clk 1:31:00]} 2. c4 {[%clk 1:30:31]} g6 {[%clk 1:31:18]} 3. Nc3
{[%clk 1:30:49]} d5 {[%clk 1:31:35]} 4. Nf3 {[%clk 1:30:51]} Bg7 5. Bg5
{[%clk 1:30:51]} Ne4 {[%clk 1:31:37]} 6. Bh4 {[%clk 1:31:32]} Nxc3
{[%clk 1:31:44]} 7. bxc3 {[%clk 1:31:48]} dxc4 8. Qa4+ {[%clk 1:32:07]} Qd7
{[%clk 1:31:08]} 9. Qxc4 {[%clk 1:32:14]} b6 {[%clk 1:30:38]} 10. Qb3 Ba6
{[%clk 1:29:33]} 11. e3 {[%clk 1:32:19]} Bxf1 {[%clk 1:29:38]} 12. Kxf1 O-O
{[%clk 1:28:22]} 13. Ke2 {[%clk 1:32:46]} c5 {[%clk 1:27:36]} 14. Rhd1
{[%clk 1:32:28]} Nc6 {[%clk 1:19:23]} 15. Rac1 {[%clk 1:29:09]} Na5
{[%clk 1:16:24]} 16. Qb1 {[%clk 1:24:22]} Rfc8 {[%clk 1:11:29]} 17. h3
{[%clk 1:18:20]} e6 18. Kf1 cxd4 {[%clk 1:01:17]} 19. cxd4 {[%clk 1:17:28]} Rxc1
{[%clk 1:00:57]} 20. Rxc1 {[%clk 1:09:31]} Rc8 {[%clk 0:57:39]} 21. Nd2 Rxc1+
{[%clk 0:57:19]} 22. Qxc1 {[%clk 1:09:44]} Qb5+ {[%clk 0:57:26]} 23. Kg1
{[%clk 1:09:37]} Qc6 1/2-1/2

[Event "ccc 2015 1"]
[Site "?"]
[Date "2015.05.02"]
[Round "6.5"]
[White "Galyas,2449, IM Miklos"]
[Black "Haub,2412, IM Thorsten Michael"]
[Result "1/2-1/2"]
[BlackElo "2412"]
[WhiteElo "2449"]
[LiveChessVersion "1.4.5"]

1. c4 {[%clk 1:30:57]} f5 {[%clk 1:30:50]} 2. g3 {[%clk 1:30:59]} Nf6
{[%clk 1:31:13]} 3. Bg2 {[%clk 1:31:21]} g6 {[%clk 1:31:34]} 4. Nc3
{[%clk 1:31:43]} Bg7 {[%clk 1:30:49]} 5. d3 {[%clk 1:31:59]} Nc6 {[%clk 1:31:06]}
6. e4 {[%clk 1:32:17]} d6 {[%clk 1:31:25]} 7. Nge2 {[%clk 1:32:36]} O-O
{[%clk 1:31:07]} 8. O-O {[%clk 1:32:59]} Be6 {[%clk 1:30:44]} 9. Nf4
{[%clk 1:23:04]} Bd7 {[%clk 1:21:30]} 10. exf5 {[%clk 1:22:16]} gxf5
{[%clk 1:21:47]} 11. Ncd5 {[%clk 1:11:57]} Kh8 {[%clk 1:03:01]} 12. Re1
{[%clk 1:11:15]} Rb8 {[%clk 0:47:45]} 13. Rb1 {[%clk 1:09:56]} e5
{[%clk 0:45:26]} 14. Nxf6 {[%clk 1:09:55]} Bxf6 {[%clk 0:44:31]} 15. Nh5
{[%clk 1:08:45]} Nd4 {[%clk 0:44:10]} 16. Nxf6 {[%clk 1:03:41]} 1/2-1/2

[Event "ccc 2015 1"]
[Site "?"]
[Date "2015.05.02"]
[Round "6.6"]
[White "Tari,2513, IM Aryan"]
[Black "Westerinen,2305, GM Heikki M.J."]
[Result "1-0"]
[BlackElo "2305"]
[WhiteElo "2513"]
[LiveChessVersion "1.4.5"]

1. d4 {[%clk 1:30:34]} d5 {[%clk 1:27:04]} 2. c4 {[%clk 1:30:43]} dxc4
{[%clk 1:26:47]} 3. Nf3 {[%clk 1:30:59]} a6 {[%clk 1:26:29]} 4. e3
{[%clk 1:31:04]} b5 {[%clk 1:25:53]} 5. a4 {[%clk 1:31:24]} Bb7 {[%clk 1:25:48]}
6. axb5 {[%clk 1:28:53]} axb5 {[%clk 1:26:06]} 7. Rxa8 {[%clk 1:29:18]} Bxa8
{[%clk 1:26:17]} 8. b3 {[%clk 1:29:39]} e6 {[%clk 1:21:02]} 9. bxc4
{[%clk 1:29:59]} bxc4 {[%clk 1:21:07]} 10. Bxc4 {[%clk 1:30:04]} Bb4+
{[%clk 0:58:30]} 11. Nbd2 {[%clk 1:28:48]} Ne7 {[%clk 0:56:48]} 12. Qa4+
{[%clk 1:27:48]} Nbc6 {[%clk 0:57:02]} 13. O-O {[%clk 1:27:04]} O-O
{[%clk 0:56:47]} 14. Bb2 {[%clk 1:26:16]} Qb8 {[%clk 0:42:15]} 15. Rb1
{[%clk 1:24:11]} Qa7 {[%clk 0:37:37]} 16. Qc2 {[%clk 1:21:59]} h6
{[%clk 0:33:51]} 17. Ra1 {[%clk 1:17:41]} Qb6 {[%clk 0:33:37]} 18. Bd3
{[%clk 1:12:36]} Na5 {[%clk 0:31:10]} 19. Rc1 {[%clk 1:10:22]} Rc8
{[%clk 0:29:51]} 20. Ne5 {[%clk 1:06:24]} f5 {[%clk 0:24:35]} 21. Ndc4
{[%clk 1:00:01]} Nxc4 {[%clk 0:24:38]} 22. Bxc4 {[%clk 1:00:15]} Nd5
{[%clk 0:22:31]} 23. Qa4 {[%clk 0:57:30]} Qd6 {[%clk 0:18:22]} 24. Nd3
{[%clk 0:54:18]} Rb8 {[%clk 0:09:52]} 25. Ra1 {[%clk 0:48:05]} Kh7
{[%clk 0:06:42]} 26. Qa7 {[%clk 0:46:05]} Qd8 {[%clk 0:04:42]} 27. Ba3
{[%clk 0:40:31]} Bxa3 {[%clk 0:04:16]} 28. Qxa3 {[%clk 0:40:51]} Qg5
{[%clk 0:04:04]} 29. Ne1 {[%clk 0:39:47]} Bc6 {[%clk 0:03:11]} 30. Qc5
{[%clk 0:39:19]} Rb6 {[%clk 0:03:11]} 31. Nf3 {[%clk 0:39:11]} Qd8
{[%clk 0:02:57]} 32. Ne5 {[%clk 0:35:40]} Bb7 {[%clk 0:03:20]} 33. Rc1
{[%clk 0:34:30]} Rb2 {[%clk 0:02:52]} 34. Qa3 {[%clk 0:31:08]} Rb6
{[%clk 0:02:26]} 35. h3 {[%clk 0:30:19]} Qg5 {[%clk 0:02:24]} 36. Bf1
{[%clk 0:30:48]} Qd8 {[%clk 0:02:08]} 37. Qa4 {[%clk 0:29:59]} Rb4
{[%clk 0:01:52]} 38. Qc2 {[%clk 0:29:50]} Qd6 {[%clk 0:01:23]} 39. e4
{[%clk 0:27:41]} Rxd4 {[%clk 0:01:17]} 40. Nc4 {[%clk 0:27:47]} Rxc4
{[%clk 0:00:41]} 41. Qxc4 {[%clk 0:28:08]} Nb6 {[%clk 0:00:39]} 42. Qxc7
{[%clk 0:26:54]} Qxc7 {[%clk 0:00:59]} 43. Rxc7 {[%clk 0:27:20]} Bxe4
{[%clk 0:01:23]} 44. f3 {[%clk 0:27:00]} Bd5 {[%clk 0:01:28]} 45. Kf2
{[%clk 0:27:41]} Kg6 {[%clk 0:01:46]} 46. Bb5 {[%clk 0:27:26]} Kf6
{[%clk 0:01:27]} 47. f4 {[%clk 0:27:34]} g5 {[%clk 0:01:36]} 48. g3
{[%clk 0:27:33]} gxf4 {[%clk 0:01:05]} 49. gxf4 {[%clk 0:28:02]} e5
{[%clk 0:01:02]} 50. fxe5+ {[%clk 0:27:37]} Kxe5 {[%clk 0:01:30]} 51. Rh7
{[%clk 0:28:00]} Be4 {[%clk 0:00:54]} 52. Rxh6 {[%clk 0:28:17]} Nd5
{[%clk 0:01:12]} 53. Rh8 {[%clk 0:28:23]} Kf4 {[%clk 0:01:19]} 54. Rg8
{[%clk 0:27:58]} Bf3 {[%clk 0:01:00]} 55. Rg3 {[%clk 0:27:49]} Bh5
{[%clk 0:00:53]} 56. Bc6 {[%clk 0:25:40]} Nf6 {[%clk 0:00:56]} 57. Rg7
{[%clk 0:25:53]} Ne4+ {[%clk 0:00:41]} 58. Kg2 {[%clk 0:26:22]} Bf3+
{[%clk 0:00:59]} 59. Kh2 {[%clk 0:26:50]} Ke3 {[%clk 0:00:47]} 60. h4
{[%clk 0:27:00]} Nf6 {[%clk 0:00:45]} 61. Rg3 {[%clk 0:27:22]} Ne4
{[%clk 0:00:44]} 62. Bxe4 {[%clk 0:26:45]} fxe4 {[%clk 0:00:55]} 63. h5
{[%clk 0:27:11]} Kf2 {[%clk 0:00:49]} 64. h6 {[%clk 0:27:40]} 1-0

[Event "ccc 2015 1"]
[Site "?"]
[Date "2015.05.02"]
[Round "6.7"]
[White "Antonsen,2472, IM Mikkel Djernæs"]
[Black "Brynell,2433, GM Stellan"]
[Result "1/2-1/2"]
[BlackElo "2433"]
[WhiteElo "2472"]
[LiveChessVersion "1.4.5"]

1. d4 {[%clk 1:30:57]} e6 {[%clk 1:29:18]} 2. c4 {[%clk 1:30:34]} Nf6
{[%clk 1:29:39]} 3. Nf3 {[%clk 1:30:55]} Bb4+ {[%clk 1:27:50]} 4. Bd2
{[%clk 1:31:21]} a5 {[%clk 1:27:49]} 5. a3 {[%clk 1:31:12]} Bxd2+
{[%clk 1:27:19]} 6. Qxd2 {[%clk 1:30:45]} d6 {[%clk 1:19:52]} 7. Nc3
{[%clk 1:30:36]} O-O {[%clk 1:15:57]} 8. e4 {[%clk 1:24:38]} Nc6 {[%clk 1:11:34]}
9. Be2 {[%clk 1:22:06]} e5 {[%clk 1:09:45]} 10. d5 {[%clk 1:15:35]} Ne7
{[%clk 0:56:16]} 11. b3 {[%clk 1:10:38]} Bg4 {[%clk 0:49:34]} 12. O-O
{[%clk 1:09:44]} Ng6 {[%clk 0:42:52]} 13. h3 {[%clk 1:07:09]} Bd7
{[%clk 0:39:48]} 14. Rfe1 {[%clk 1:02:23]} h6 {[%clk 0:35:12]} 15. Bf1
{[%clk 1:00:49]} Nh7 {[%clk 0:35:17]} 16. Qe3 {[%clk 0:54:38]} f5
{[%clk 0:34:02]} 17. exf5 {[%clk 0:54:40]} Bxf5 {[%clk 0:34:10]} 18. Nd2
{[%clk 0:54:16]} Ng5 {[%clk 0:29:42]} 19. Ne2 {[%clk 0:44:36]} Qd7
{[%clk 0:22:51]} 20. Ra2 {[%clk 0:36:00]} Rf6 {[%clk 0:19:24]} 21. Ng3
{[%clk 0:36:17]} Raf8 {[%clk 0:15:38]} 22. Nxf5 {[%clk 0:34:19]} Qxf5
{[%clk 0:14:55]} 23. Bd3 {[%clk 0:34:26]} Qd7 {[%clk 0:12:33]} 24. Ne4
{[%clk 0:33:30]} Nxe4 {[%clk 0:11:55]} 25. Bxe4 {[%clk 0:33:35]} 1/2-1/2

[Event "ccc 2015 1"]
[Site "?"]
[Date "2015.05.02"]
[Round "6.8"]
[White "Dijkhuis,2288, FM Tycho"]
[Black "Hagen,2408, IM Andreas Skytte"]
[Result "1/2-1/2"]
[BlackElo "2408"]
[WhiteElo "2288"]
[LiveChessVersion "1.4.5"]

1. e4 {[%clk 1:30:43]} e5 {[%clk 1:30:56]} 2. Nf3 {[%clk 1:31:05]} Nc6
{[%clk 1:31:22]} 3. Bb5 {[%clk 1:31:23]} Nf6 {[%clk 1:31:46]} 4. O-O
{[%clk 1:31:44]} Nxe4 {[%clk 1:32:11]} 5. d4 {[%clk 1:32:06]} Nd6
{[%clk 1:32:29]} 6. dxe5 {[%clk 1:32:30]} Nxb5 {[%clk 1:32:54]} 7. a4
{[%clk 1:32:55]} Nbd4 {[%clk 1:33:18]} 8. Nxd4 {[%clk 1:33:20]} d5
{[%clk 1:33:43]} 9. exd6 {[%clk 1:26:59]} Bxd6 {[%clk 1:33:56]} 10. Re1+
{[%clk 1:26:38]} Be7 {[%clk 1:34:18]} 11. Bg5 {[%clk 1:12:06]} f6
{[%clk 1:34:09]} 12. Nxc6 {[%clk 1:06:40]} Qxd1 {[%clk 1:34:12]} 13. Rxd1
{[%clk 1:07:04]} bxc6 {[%clk 1:33:29]} 14. Be3 {[%clk 1:00:45]} Bf5
{[%clk 1:33:29]} 15. c3 {[%clk 0:58:03]} Kf7 {[%clk 1:29:14]} 16. Nd2
{[%clk 0:57:13]} Bc2 {[%clk 1:16:16]} 17. Re1 {[%clk 0:52:42]} Rhb8
{[%clk 1:16:07]} 18. b4 {[%clk 0:36:51]} a5 {[%clk 1:16:25]} 19. Bc5
{[%clk 0:36:10]} Bxc5 {[%clk 1:09:56]} 20. bxc5 {[%clk 0:36:36]} Rd8
{[%clk 1:03:36]} 21. Nf3 {[%clk 0:36:47]} Rd5 {[%clk 1:02:28]} 22. Nd4
{[%clk 0:34:46]} Bg6 {[%clk 1:02:52]} 23. Nxc6 {[%clk 0:27:22]} Rxc5
{[%clk 1:02:49]} 24. Nd4 {[%clk 0:27:42]} Rxc3 {[%clk 0:55:53]} 25. Rac1
{[%clk 0:27:29]} Rxc1 {[%clk 0:56:06]} 26. Rxc1 {[%clk 0:27:55]} Rd8
{[%clk 0:56:01]} 27. Nc6 {[%clk 0:14:57]} Rd5 {[%clk 0:51:41]} 28. f3
{[%clk 0:13:41]} Ke6 {[%clk 0:35:01]} 29. Nb8 {[%clk 0:13:08]} Rd8
{[%clk 0:18:02]} 30. Re1+ {[%clk 0:11:44]} Kf7 {[%clk 0:14:58]} 31. Nc6
{[%clk 0:11:49]} Rd7 {[%clk 0:12:23]} 32. Rc1 {[%clk 0:10:45]} Rd5
{[%clk 0:09:58]} 33. Nb8 {[%clk 0:09:22]} Kf8 {[%clk 0:08:56]} 34. Rxc7
{[%clk 0:06:01]} Be8 {[%clk 0:09:17]} 35. Rc8 {[%clk 0:04:14]} Rd6
{[%clk 0:06:58]} 36. Kf2 {[%clk 0:03:03]} Ke7 {[%clk 0:05:50]} 37. Rc7+
{[%clk 0:02:37]} Kd8 {[%clk 0:05:00]} 38. Ra7 {[%clk 0:03:03]} Bxa4
{[%clk 0:01:20]} 39. Rxa5 {[%clk 0:03:01]} Bd7 {[%clk 0:00:37]} 40. Nxd7
{[%clk 0:03:25]} Rxd7 {[%clk 0:01:03]} 41. Ra6 {[%clk 0:03:47]} Ke7
{[%clk 0:01:22]} 42. Ke3 {[%clk 0:03:59]} Kf7 {[%clk 0:01:41]} 43. Ra4
{[%clk 0:04:11]} Rb7 {[%clk 0:02:04]} 44. Kf4 {[%clk 0:04:22]} Rb2
{[%clk 0:02:26]} 45. Kg3 {[%clk 0:04:46]} h5 {[%clk 0:02:49]} 46. h4
{[%clk 0:05:04]} Kg6 {[%clk 0:03:12]} 47. Ra5 {[%clk 0:05:26]} Kh6
{[%clk 0:03:33]} 48. Rc5 {[%clk 0:05:47]} Rb6 {[%clk 0:03:30]} 49. Rc8
{[%clk 0:05:41]} Kh7 {[%clk 0:03:39]} 50. Rc7 {[%clk 0:06:05]} Kh6
{[%clk 0:04:03]} 51. Rc8 {[%clk 0:06:30]} g5 {[%clk 0:03:43]} 52. hxg5+
{[%clk 0:06:56]} fxg5 {[%clk 0:04:05]} 53. Rh8+ {[%clk 0:07:15]} Kg6
{[%clk 0:04:28]} 54. Rg8+ {[%clk 0:07:41]} Kf5 {[%clk 0:04:51]} 55. Rf8+
{[%clk 0:07:53]} Rf6 {[%clk 0:04:52]} 56. Rxf6+ {[%clk 0:08:11]} Kxf6
{[%clk 0:05:18]} 57. f4 {[%clk 0:08:27]} Kf5 {[%clk 0:05:43]} 58. fxg5
{[%clk 0:08:53]} Kxg5 {[%clk 0:06:09]} 59. Kh3 {[%clk 0:09:19]} h4
{[%clk 0:06:31]} 60. g3 {[%clk 0:09:46]} hxg3 {[%clk 0:06:58]} 61. Kxg3
{[%clk 0:10:14]} 1/2-1/2

[Event "ccc 2015 1"]
[Site "?"]
[Date "2015.05.02"]
[Round "6.9"]
[White "Carstensen,2382, FM Jacob"]
[Black "Matthiesen,2288, FM Martin"]
[Result "0-1"]
[BlackElo "2288"]
[WhiteElo "2382"]
[LiveChessVersion "1.4.5"]

1. d4 {[%clk 1:28:55]} d5 {[%clk 1:30:53]} 2. c4 {[%clk 1:28:57]} c6
{[%clk 1:31:17]} 3. Nc3 {[%clk 1:27:19]} Nf6 {[%clk 1:31:20]} 4. Nf3
{[%clk 1:27:31]} dxc4 {[%clk 1:31:34]} 5. a4 {[%clk 1:25:57]} Bf5
{[%clk 1:31:24]} 6. Ne5 {[%clk 1:26:16]} Nbd7 {[%clk 1:31:24]} 7. Nxc4
{[%clk 1:26:14]} Qc7 {[%clk 1:31:34]} 8. Qd2 {[%clk 1:23:44]} g6 {[%clk 1:31:25]}
9. f3 {[%clk 1:23:03]} e5 {[%clk 1:19:50]} 10. e4 {[%clk 1:15:35]} exd4
{[%clk 1:19:55]} 11. exf5 {[%clk 1:14:55]} dxc3 {[%clk 1:20:16]} 12. bxc3
{[%clk 1:13:13]} Nd5 {[%clk 1:05:41]} 13. Bd3 {[%clk 1:06:52]} O-O-O
{[%clk 1:02:56]} 14. O-O {[%clk 1:02:32]} Nc5 {[%clk 0:56:00]} 15. Bc2
{[%clk 0:59:41]} Bg7 {[%clk 0:54:35]} 16. Qf2 {[%clk 0:58:32]} Bxc3
{[%clk 0:43:29]} 17. Ba3 {[%clk 0:52:22]} Nb4 {[%clk 0:28:04]} 18. Rad1
{[%clk 0:51:55]} Ncd3 {[%clk 0:25:38]} 19. Bxd3 {[%clk 0:50:44]} Nxd3
{[%clk 0:25:58]} 20. Qc2 {[%clk 0:50:41]} Bd4+ {[%clk 0:22:51]} 21. Kh1
{[%clk 0:51:05]} Ne5 {[%clk 0:22:00]} 22. a5 {[%clk 0:45:28]} Nxc4
{[%clk 0:13:03]} 23. Qxc4 {[%clk 0:45:46]} Qxa5 {[%clk 0:12:49]} 24. fxg6
{[%clk 0:34:43]} hxg6 {[%clk 0:11:47]} 25. Rxd4 {[%clk 0:31:30]} Qxa3
{[%clk 0:12:09]} 26. Rxd8+ {[%clk 0:31:46]} Rxd8 {[%clk 0:12:31]} 27. Qxf7
{[%clk 0:32:13]} Qd3 {[%clk 0:12:09]} 28. Qe6+ {[%clk 0:31:58]} Kb8
{[%clk 0:12:08]} 29. Re1 {[%clk 0:31:59]} c5 {[%clk 0:10:19]} 30. Qe5+
{[%clk 0:29:39]} Qd6 {[%clk 0:10:24]} 31. Qe4 {[%clk 0:30:05]} a6
{[%clk 0:09:57]} 32. h3 {[%clk 0:28:59]} Rc8 {[%clk 0:10:04]} 33. Qg4
{[%clk 0:27:29]} Rc6 {[%clk 0:10:14]} 34. Qc4 {[%clk 0:26:59]} Ka7
{[%clk 0:10:24]} 35. Re8 {[%clk 0:26:47]} Rb6 {[%clk 0:10:05]} 36. Qc2
{[%clk 0:26:02]} Qd4 {[%clk 0:10:13]} 37. Rc8 {[%clk 0:25:25]} Qa1+
{[%clk 0:07:24]} 38. Kh2 {[%clk 0:25:50]} Qe5+ {[%clk 0:07:48]} 39. Kh1
{[%clk 0:25:42]} Rb5 {[%clk 0:07:50]} 40. Qxg6 {[%clk 0:23:50]} Ra5 0-1